<?xml version="1.0" encoding="UTF-8"?><?xml-stylesheet type="text/xsl" href="static/style.xsl"?><OAI-PMH xmlns="http://www.openarchives.org/OAI/2.0/" xmlns:xsi="http://www.w3.org/2001/XMLSchema-instance" xsi:schemaLocation="http://www.openarchives.org/OAI/2.0/ http://www.openarchives.org/OAI/2.0/OAI-PMH.xsd"><responseDate>2026-04-13T13:29:40Z</responseDate><request verb="GetRecord" identifier="oai:www.recercat.cat:11351/10123" metadataPrefix="marc">https://recercat.cat/oai/request</request><GetRecord><record><header><identifier>oai:recercat.cat:11351/10123</identifier><datestamp>2025-10-24T08:54:17Z</datestamp><setSpec>com_2072_378070</setSpec><setSpec>com_2072_378040</setSpec><setSpec>com_2072_378071</setSpec><setSpec>col_2072_378092</setSpec><setSpec>col_2072_378097</setSpec></header><metadata><record xmlns="http://www.loc.gov/MARC21/slim" xmlns:dcterms="http://purl.org/dc/terms/" xmlns:xsi="http://www.w3.org/2001/XMLSchema-instance" xmlns:doc="http://www.lyncode.com/xoai" xsi:schemaLocation="http://www.loc.gov/MARC21/slim http://www.loc.gov/standards/marcxml/schema/MARC21slim.xsd">
   <leader>00925njm 22002777a 4500</leader>
   <datafield ind2=" " ind1=" " tag="042">
      <subfield code="a">dc</subfield>
   </datafield>
   <datafield ind2=" " ind1=" " tag="720">
      <subfield code="a">Royo, Maria</subfield>
      <subfield code="e">author</subfield>
   </datafield>
   <datafield ind2=" " ind1=" " tag="720">
      <subfield code="a">Sandoval Moreno, Sebastian</subfield>
      <subfield code="e">author</subfield>
   </datafield>
   <datafield ind2=" " ind1=" " tag="720">
      <subfield code="a">Cortes  Hernandez, Josefina</subfield>
      <subfield code="e">author</subfield>
   </datafield>
   <datafield ind2=" " ind1=" " tag="720">
      <subfield code="a">Solé, Cristina</subfield>
      <subfield code="e">author</subfield>
   </datafield>
   <datafield ind2=" " ind1=" " tag="720">
      <subfield code="a">Moline, Teresa</subfield>
      <subfield code="e">author</subfield>
   </datafield>
   <datafield ind2=" " ind1=" " tag="260">
      <subfield code="c">2023-08-23T06:34:09Z</subfield>
   </datafield>
   <datafield ind2=" " ind1=" " tag="260">
      <subfield code="c">2023-08-23T06:34:09Z</subfield>
   </datafield>
   <datafield ind2=" " ind1=" " tag="260">
      <subfield code="c">2023-07-18</subfield>
   </datafield>
   <datafield ind2=" " ind1=" " tag="520">
      <subfield code="a">Antiphospholipid syndrome; Pathogenesis; Small extracellular vesicle</subfield>
   </datafield>
   <datafield ind2=" " ind1=" " tag="520">
      <subfield code="a">Síndrome antifosfolípid; Patogènesi; Petita vesícula extracel·lular</subfield>
   </datafield>
   <datafield ind2=" " ind1=" " tag="520">
      <subfield code="a">Síndrome antifosfolípido; Patogénesis; Pequeña vesícula extracelular</subfield>
   </datafield>
   <datafield ind2=" " ind1=" " tag="520">
      <subfield code="a">Primary antiphospholipid syndrome (PAPS) is a systemic autoimmune disease associated with recurrent thrombosis and/or obstetric morbidity with persistent antiphospholipid antibodies (aPL). Although these antibodies drive endothelial injury and thrombophilia, the underlying molecular mechanism is still unclear. Small extracellular vesicles (sEVs) contain miRNAs, key players in intercellular communication. To date, the effects of miRNA-derived sEVs in PAPS are not well understood. We characterised the quantity, cellular origin and miRNA profile of sEVs isolated from thrombotic APS patients (PAPS, n = 50), aPL-carrier patients (aPL, n = 30) and healthy donors (HD, n = 30). We found higher circulating sEVs mainly of activated platelet origin in PAPS and aPL patients compared to HD, that were highly engulfed by HUVECs and monocyte. Through miRNA-sequencing analysis, we identified miR-483-3p to be differentially upregulated in sEVs from patients with PAPS and aPL, and miR-326 to be downregulated only in PAPS sEVs. In vitro studies showed that miR-483-3p overexpression in endothelial cells induced an upregulation of the PI3K-AKT pathway that led to endothelial proliferation/dysfunction. MiR-326 downregulation induced NOTCH pathway activation in monocytes with the upregulation of NFKB1, tissue factor and cytokine production. These results provide evidence that miRNA-derived sEVs contribute to APS pathogenesis by producing endothelial cell proliferation, monocyte activation and adhesion/procoagulant factors.</subfield>
   </datafield>
   <datafield ind1="8" ind2=" " tag="024">
      <subfield code="a">http://hdl.handle.net/11351/10123</subfield>
   </datafield>
   <datafield tag="653" ind2=" " ind1=" ">
      <subfield code="a">Síndrome antifosfolipídica</subfield>
   </datafield>
   <datafield tag="653" ind2=" " ind1=" ">
      <subfield code="a">MicroARN</subfield>
   </datafield>
   <datafield tag="653" ind2=" " ind1=" ">
      <subfield code="a">DISEASES::Immune System Diseases::Autoimmune Diseases::Antiphospholipid Syndrome</subfield>
   </datafield>
   <datafield tag="653" ind2=" " ind1=" ">
      <subfield code="a">ANATOMY::Cells::Cellular Structures::Extracellular Space::Extracellular Vesicles</subfield>
   </datafield>
   <datafield tag="653" ind2=" " ind1=" ">
      <subfield code="a">CHEMICALS AND DRUGS::Nucleic Acids, Nucleotides, and Nucleosides::Antisense Elements (Genetics)::RNA, Antisense::MicroRNAs</subfield>
   </datafield>
   <datafield tag="653" ind2=" " ind1=" ">
      <subfield code="a">ENFERMEDADES::enfermedades del sistema inmune::enfermedades autoinmunes::síndrome antifosfolípido</subfield>
   </datafield>
   <datafield tag="653" ind2=" " ind1=" ">
      <subfield code="a">ANATOMÍA::células::estructuras celulares::espacio extracelular::vesículas extracelulares</subfield>
   </datafield>
   <datafield tag="653" ind2=" " ind1=" ">
      <subfield code="a">COMPUESTOS QUÍMICOS Y DROGAS::nucleótidos y nucleósidos de ácidos nucleicos::elementos antisentido (genética)::ARN antiparalelo::microARN</subfield>
   </datafield>
   <datafield ind2="0" ind1="0" tag="245">
      <subfield code="a">Small-Extracellular-Vesicle-Derived miRNA Profile Identifies miR-483-3p and miR-326 as Regulators in the Pathogenesis of Antiphospholipid Syndrome (APS)</subfield>
   </datafield>
</record></metadata></record></GetRecord></OAI-PMH>